|
|
|
|
| LEADER |
00000cam a2200000 a 4500 |
| 001 |
vtls008351772 |
| 003 |
SK-MaSNL |
| 005 |
20260301035829.0 |
| 008 |
181128s1965 xo 000 d slo |
| 015 |
|
|
|a SNBA1965/12-03315
|
| 035 |
|
|
|a SK01SNK19650043989
|
| 035 |
|
|
|a SKM000046452
|
| 040 |
|
|
|a SNK
|b slo
|c SNK
|e AACR2
|
| 041 |
1 |
|
|a slo
|h hun
|
| 044 |
|
|
|a xo
|c SK
|
| 072 |
|
7 |
|a 821.511.1
|x Ugrofínske literatúry
|2 konspekt
|
| 080 |
|
|
|a 821.511.141-2
|2 2001
|
| 080 |
|
|
|a 821.511.141-1
|2 2001
|
| 100 |
1 |
|
|a Madách, Imre,
|d 1823-1864
|4 aut
|9 208213
|
| 240 |
1 |
3 |
|a Az ember tragédiája
|l Slovensky
|
| 245 |
1 |
0 |
|a Tragédia človeka
|c Imre Madách ; z maďarského originálu Az ember tragédiája ... preložil Ctibor Štítnický ; dramaturgicky upravil Tibor Rakovský
|
| 260 |
|
|
|a Bratislava
|b Diliza
|c 1965
|
| 300 |
|
|
|a 106, [1] s.
|c 4°
|
| 655 |
|
7 |
|a maďarské drámy
|2 SNKPH
|9 279327
|
| 655 |
|
7 |
|a maďarská poézia
|2 SNKPH
|9 70602
|
| 700 |
1 |
|
|a Štítnický, Ctibor,
|d 1922-2002
|4 trl
|4 aft
|9 201598
|
| 700 |
1 |
|
|a Rakovský, Tibor
|4 adp
|9 273434
|
| 852 |
|
|
|a Slovenská národná knižnica
|
| 958 |
|
|
|a OND
|
| 958 |
|
|
|a TL
|
| 958 |
|
|
|a RK
|
| 958 |
|
|
|a LX
|
| 958 |
|
|
|a HU
|
| 958 |
|
|
|a UP
|
| 999 |
|
|
|c 585000
|d 586930
|
| 952 |
|
|
|a SNK
|b SNK
|y VYP
|7 0
|p 17A1023431
|o snkSB 11902 D1
|i snkK 7/66
|8 3
|0 0
|1 0
|4 0
|d 2013-09-04
|l 0
|r 2026-02-23 15:05:28
|w 2026-02-23
|